000 00628nam a22002177a 4500
003 0
005 20230925134338.0
008 230925b xxu||||| |||| 00| 0 eng d
020 _a978-93-5751-037-0
050 _aQA 305
_b .M34 2023
100 _aMahanta, Sabita
245 _aPre calculus
_cSabita Mahanta
250 _aFirst edition
260 _aNew Delhi
_bRandom Publications LLP
_cc2023
300 _ax, 260 pages ;
_c24 cm.
500 _aCalculus--problem.
504 _aIncludes bibliographical references and index.
650 _aCalculus--problem.
650 _aMathematics problems.
942 _2lcc
_cBK
999 _c365384
_d365384